000 00558nam a2200169 4500
001 148213
003 ES-MaACL
005 20230906202509.0
007 t|
008 070214s1959 sp r ||||1| spa d
100 1 _aStolfi, Giuseppe.
_9108284
245 1 0 _aTeoría del negocio jurídico /
_cGiuseppe Stolfi ; traducción y notas del Derecho español por Jaime Santos Briz.
260 _aMadrid :
_bRevista de Derecho Privado,
_c[1959]
300 _aXL, 311 p. ;
_c24 cm.
700 1 _aSantos Briz, Jaime.
_9103492
852 _aES-MaACL
_jC-17453
_bR.45244
999 _c148213
_d148213